Media ethics : an introduction to responsible journalism / (Record no. 1264)

000 -LEADER
fixed length control field 01199cam a2200277 a 4500
001 - CONTROL NUMBER
control field 12998259
003 - CONTROL NUMBER IDENTIFIER
control field OSt
005 - DATE AND TIME OF LATEST TRANSACTION
control field 20140129151720.0
008 - FIXED-LENGTH DATA ELEMENTS--GENERAL INFORMATION
fixed length control field 021108s2002 sa a b 001 0 eng d
010 ## - LIBRARY OF CONGRESS CONTROL NUMBER
LC control number 2002728106
015 ## - NATIONAL BIBLIOGRAPHY NUMBER
National bibliography number GBA2-Z5334
020 ## - INTERNATIONAL STANDARD BOOK NUMBER
International Standard Book Number 0195781376
022 ## - INTERNATIONAL STANDARD SERIAL NUMBER
International Standard Serial Number 9780195781373
035 ## - SYSTEM CONTROL NUMBER
System control number (OCoLC)ocm48784293
050 00 - LIBRARY OF CONGRESS CALL NUMBER
Classification number PN5477.E8R48 2002
100 1# - MAIN ENTRY--PERSONAL NAME
Personal name Retief, Johan.
245 10 - TITLE STATEMENT
Title Media ethics : an introduction to responsible journalism /
Statement of responsibility, etc Johan Retief.
260 ## - PUBLICATION, DISTRIBUTION, ETC. (IMPRINT)
Place of publication, distribution, etc Capetown ;
-- New York :
Name of publisher, distributor, etc Oxford University Press,
Date of publication, distribution, etc 2002.
300 ## - PHYSICAL DESCRIPTION
Extent x, 261 p. :
Other physical details ill. ;
Dimensions 24 cm.
504 ## - BIBLIOGRAPHY, ETC. NOTE
Bibliography, etc Includes bibliographical references and index.
505 ## - FORMATTED CONTENTS NOTE
Formatted contents note Ethics -- The law: codes of ethics -- Accuracy -- Truth and deception -- Fairness -- Objectivity -- Confidentiality -- Conflict of interest -- Invasion of privacy -- Trauma -- Stereotyping -- Social responsibility -- Addendum: codes of ethics
650 #0 - SUBJECT ADDED ENTRY--TOPICAL TERM
Topical term or geographic name as entry element Journalistic ethics
Geographic subdivision South Africa.
856 42 - ELECTRONIC LOCATION AND ACCESS
Materials specified Publisher description
Uniform Resource Identifier <a href="http://www.loc.gov/catdir/enhancements/fy0614/2002728106-d.html">http://www.loc.gov/catdir/enhancements/fy0614/2002728106-d.html</a>
856 41 - ELECTRONIC LOCATION AND ACCESS
Materials specified Table of contents only
Uniform Resource Identifier <a href="http://www.loc.gov/catdir/enhancements/fy0614/2002728106-t.html">http://www.loc.gov/catdir/enhancements/fy0614/2002728106-t.html</a>
942 ## - ADDED ENTRY ELEMENTS (KOHA)
Source of classification or shelving scheme
Koha item type Book
Holdings
Withdrawn status Lost status Source of classification or shelving scheme Damaged status Not for loan Home library Current library Date acquired Total Checkouts Full call number Barcode Date last seen Date checked out Copy number Price effective from Koha item type Total Renewals
          Riara University Library Riara University Library 29/01/2014 6 PN5477.E8R48 2002 4477/14 07/03/2023 06/02/2023 C.1 29/01/2014 Book  
          Riara University Library Riara University Library 29/01/2014 4 PN5477.E8R48 2002 4478/14 03/04/2018 21/03/2018 C.2 29/01/2014 Book  
          Riara University Library Riara University Library 29/01/2014 4 PN5477.E8R48 2002 4479/14 13/04/2018 28/03/2018 C.3 29/01/2014 Book  
          Riara University Library Riara University Library 29/01/2014 7 PN5477.E8R48 2002 4480/14 19/03/2021 15/02/2021 C.4 29/01/2014 Book 1
          Riara University Library Riara University Library 29/01/2014 8 PN5477.E8R48 2002 4506/14 07/05/2019 26/02/2019 C.5 29/01/2014 Book 1

Riara University Library,
P.O. Box 49940-00100,
Nairobi, Kenya.